Представление документа в формате RUSMARC

ПолеНазваниеЗначение
  Тип записи a
  Библиографический уровень m
001 Контрольный номер RU/IS/BASE/520696307
005 Дата корректировки 20240209174639.6
010 Индекс ISBN __
a ISBN
b Уточнения в пер.
d Цена 25 р. 06 к.
9 Тираж 150 000 экз.
100 Данные общей обработки __
a Данные общей обработки 20160701d2016 ||| 0rusy0189 ca
101 Язык документа 0_
a Язык текста rus
102 Страна публикации __
a Страна публикации RU
105 Кодированные данные (монография) __
a Кодированные данные (монография) y###||||000|y
181 Поле кодированных данных: вид содержания _1
a Код вида содержания (ISBD) i#
b Код характеристики содержания (ISBD) #xxe##
d i
g x
h x
i e
2 Код системы (источник кода, отличный от ISBD) isbdcontent
182 Поле кодированных данных: тип средства _1
a Код типа средства (ISBD) n
2 Код системы (источник кода, отличный от ISBD) isbdmedia
200 Заглавие и сведения об ответственности 1_
a Заглавие Сергей Тимофеевич Аксаков
b Общее обозначение материала Текст
f Первые сведения об ответственности М. П. Лобанов
w Текст (визуальный) : непосредственный
203 Вид содержания и тип средства __
a Вид содержания Текст
b Характеристика содержания визуальный
c Тип средства непосредственный
210 Выходные данные 1_
a Место издания Москва
c Издательство Молодая гвардия
d Дата издания 1987
215 Физическое описание __
a Объем 364, [2] с., [16] л. ил.
c Иллюстрации/тип воспроизводства ил.
d Формат 20,5 см.
225 Серия 0_
a Серия Жизнь замечательных людей: Серия биографий: Вып. 3 (677)
300 Общие примечания __
a Общие примечания Ограничения по возрасту - 16+
300 Общие примечания __
a Общие примечания Под инв. номером 22380: 2-1, 8-1, 9н-1, 26-1
600 Персоналии _1
a Персоналии (Фамилия) Аксаков
b Персоналии (Имя, инициалы) С. Т.
606 Тематические рубрики 0_
a Основная рубрика Аксаков, Сергей Тимофеевич (1791-1859)
610 Ключевые слова 0_
a Ключевые слова литература русская
a Ключевые слова писатели русские
a Ключевые слова писатели великие
a Ключевые слова биографии писателей
686 Индексы других классификаций __
a Классификационный индекс 83.3(2Рос=Рус)1
2 Код системы ББК
700 Автор _0
a Фамилия Лобанов
b Имя (инициалы) Михаил Петрович
g Полное личное имя М. П.
801 Источник записи _0
a Страна RU
b Организация МБУК ЦБС
c Дата составления 20160701
g Правила каталогизации RCR
801 Источник записи _1
a Страна RU
b Организация МБУК ЦБС г. Ульяновска
c Дата составления 20160701
g Правила каталогизации RCR
899 Данные о местонахождении __
i Авторский знак Л 68
j Расстановочный фильтр 83.3(2Рос=Рус)1
901 Тип документа __
t Тип документа m
910 Корректоры записи __
a Корректор записи Мазина